General Knowledge Quiz #125 - Statistics

General Stats
  • This quiz has been taken 106,681 times
    74,536 since last reset
  • The average score is 12 of 20
Answer Stats
Question Answer % Correct
Who gained the right to vote in the United States in 1920? Women
96%
What is the term for the first episode of a TV series? Pilot
90%
What is the city of Giza famous for? The Pyramids
89%
What agricultural tool is stereotypically carried by angry mobs? Pitchforks
81%
What are the sculptures at Madame Tussauds made from? Wax
79%
In what country do some people believe in invisible elves known as "Huldufólk"? Iceland
73%
What common Latin phrase could be translated as "you scratch my back, and I'll scratch yours"? {Quid} Pro Quo
71%
What taxonomic kingdom do mushrooms belong to? Fungi
70%
What ancient society built the city of Chichen Itza? The Mayans
66%
How is the word pajamas spelled in the United Kingdom? Pyjamas
63%
Among the Italian automakers, which one produces the most vehicles? Fiat
62%
What Italian fashion designer was killed by an obsessive fan in Miami Beach in 1997? Gianni Versace
57%
In what country were 276 schoolgirls kidnapped by Boko Haram in 2014? Nigeria
54%
What Roman god had two faces and is the namesake of the month of January? Janus
49%
Who shot Greedo inside the cantina? Han Solo
47%
What word is often erroneously added to the movie quote "Play it, Sam"? Again
40%
What is the most common pub name in Great Britain, according to the site pubsgalore.co.uk? Red {Lion}
40%
What does the Spanish word "barrio" mean? Neighborhood
38%
What does the M stand for in ICBM? Missile
37%
What fictional character was diagnosed as an alcoholic by the British Medical Journal in 2013? James Bond
26%
No matching quizzes found
Score Distribution
Percent of People with Each Score
Percentile by Number Answered
Your Score History
You have not taken this quiz since the last reset